000 00732nam a2200289 a 4500
003 AR-BaBNM
005 20251128203124.0
008 082120s2002 ||||||||||||||000 | spa||
020 _a84-85086-50-3
040 _cAR-BaBNM
100 1 _aRincón, Vicente
245 0 0 _aVírgenes y minotauros
_bhomenaje a Picasso
260 _aSevilla
_bAldebaran
_c1979
300 _a52 p.
490 0 _aAldebaran
_vv. 49
600 1 4 _aPicasso, Pablo
650 4 _aLITERATURA ESPAÑOLA
650 4 _aPOESIA
650 4 _aLITERATURA CONTEMPORANEA
650 4 _aPINTORES
650 4 _aMITOLOGIA
653 _aINFLUENCIA CLASICA
655 _aLITERATURA
800 1 _aNúñez, José Luis
_edirector
942 _cBK
998 _cMARTIN
999 _c2006
_d2006